EFFECT OF YOGAIN ON HIGH BLOODPRESSER (Record no. 36052)

MARC details
000 -LEADER
fixed length control field 00374nam a2200157Ia 4500
008 - FIXED-LENGTH DATA ELEMENTS--GENERAL INFORMATION
fixed length control field 200305s9999 xx 000 0 und d
020 ## - INTERNATIONAL STANDARD BOOK NUMBER
International Standard Book Number 978-81-85787-99-2
082 ## - DEWEY DECIMAL CLASSIFICATION NUMBER
Classification number 181.45
082 ## - DEWEY DECIMAL CLASSIFICATION NUMBER
Item number SAU
041 ## - LANGUAGE CODE
Language code of text/sound track or separate title hin
100 ## - MAIN ENTRY--PERSONAL NAME
Personal name SHANKAR DEVANAND SWAMI
245 ## - TITLE STATEMENT
Title EFFECT OF YOGAIN ON HIGH BLOODPRESSER
260 ## - PUBLICATION, DISTRIBUTION, ETC.
Place of publication, distribution, etc. NEW DELHI
Name of publisher, distributor, etc. YOG PUB
300 ## - PHYSICAL DESCRIPTION
Extent 228
650 ## - SUBJECT ADDED ENTRY--TOPICAL TERM
Topical term or geographic name entry element YOGA
Holdings
Withdrawn status Lost status Damaged status Not for loan Home library Current library Date acquired Cost, normal purchase price Total Checkouts Full call number Barcode Date last seen Date last checked out Cost, replacement price Price effective from Koha item type Total Renewals
        Chaudhary Ranbir Singh University Chaudhary Ranbir Singh University 05.03.2020 300.00 3 181.45 SAU 5723 02.02.2026 15.01.2026 300.00 05.03.2020 Books  
        Chaudhary Ranbir Singh University Chaudhary Ranbir Singh University 05.03.2020 300.00 1 181.45 SAU 5724 31.03.2021 19.01.2021 300.00 05.03.2020 Books 1
        Chaudhary Ranbir Singh University Chaudhary Ranbir Singh University 05.03.2020 300.00   181.45 SAU 5725 05.03.2020   300.00 05.03.2020 Books  
        Chaudhary Ranbir Singh University Chaudhary Ranbir Singh University 05.03.2020 300.00   181.45 SAU 13300 05.03.2020   300.00 05.03.2020 Books  
        Chaudhary Ranbir Singh University Chaudhary Ranbir Singh University 05.03.2020 300.00 1 181.45 SAU 13301 13.03.2026 23.02.2026 300.00 05.03.2020 Books  
        Chaudhary Ranbir Singh University Chaudhary Ranbir Singh University 05.03.2020 300.00   181.45 SAU 13302 05.03.2020   300.00 05.03.2020 Books  
        Chaudhary Ranbir Singh University Chaudhary Ranbir Singh University 05.03.2020 300.00   181.45 SAU 13303 05.03.2020   300.00 05.03.2020 Books  


Copyright © 2025 CRSU. All Rights Reserved.